[Event "2nd Kalyan Dombivali 2019"]
[Site "Kalyan"]
[Date "2019.01.29"]
[Round "1.9"]
[White "Iksha, Soni"]
[Black "Kadam, Om Manish"]
[Result "0-1"]
[WhiteElo "1110"]
[BlackElo "1943"]
[Annotator "NA RC"]
[PlyCount "112"]
[EventDate "2019.01.28"]
[EventType "swiss"]
[EventRounds "10"]
[EventCountry "IND"]
[SourceTitle "playchess.com"]
[Source "ChessBase"]
[SourceQuality "1"]
[TimeControl "5400+30"]

1. e4 {[%emt 0:00:00]} c5 {[%emt 0:00:00]} 2. Nf3 {[%emt 0:00:00]} d6 {[%emt 0:00:00]} 3. d4 {[%emt 0:00:08]} cxd4 {[%emt 0:00:07]} 4. Nxd4 {[%emt 0:00:23]} Nf6 {[%emt 0:00:17]} 5. Nc3 {[%emt 0:00:26]} a6 {[%emt 0:00:08]} 6. Be2 {[%emt 0:00:11]} e5 {[%emt 0:00:08]} 7. Nf3 {[%emt 0:00:54]} Be7 {[%emt 0:00:50]} 8. O-O {[%emt 0:01:13]} O-O {[%emt 0:00:05]} 9. Be3 {[%emt 0:00:27]} b5 {[%emt 0:00:46]} 10. Bd3 {[%emt 0:01:17]} Bb7 {[%emt 0:00:19]} 11. Qd2 {[%emt 0:00:54]} Nbd7 {[%emt 0:01:25]} 12. Rad1 {[%emt 0:00:53]} Qc7 {[%emt 0:00:34]} 13. a3 {[%emt 0:00:21]} Rac8 {[%emt 0:00:37]} 14. Rfe1 {[%emt 0:01:24]} Rfe8 {[%emt 0:00:18]} 15. h3 {[%emt 0:05:08]} Bf8 {[%emt 0:00:14]} 16. Nh4 {[%emt 0:02:24]} g6 {[%emt 0:10:21]} 17. Bh6 Rcd8 18. Qe3 {[%emt 0:09:32]} Bc6 {[%emt 0:14:29]} 19. Qg5 {[%emt 0:02:42]} Nh5 {[%emt 0:04:04]} 20. Ne2 {[%emt 0:05:10]} Be7 {[%emt 0:02:21]} 21. Qg4 {[%emt 0:00:49]} Ndf6 {[%emt 0:00:57]} 22. Qf3 {[%emt 0:01:52]} d5 {[%emt 0:00:33]} 23. Ng3 {[%emt 0:00:32]} Nxg3 {[%emt 0:00:50]} 24. Qxg3 {[%emt 0:01:00]} Nh5 {[%emt 0:02:15]} 25. Qg4 {[%emt 0:01:46]} dxe4 {[%emt 0:02:13]} 26. Bxe4 {[%emt 0:00:48]} Nf6 {[%emt 0:00:11]} 27. Qg3 {[%emt 0:02:29]} Rxd1 {[%emt 0:00:36]} 28. Rxd1 {[%emt 0:00:21]} Nxe4 {[%emt 0:00:02]} 29. Qg4 {[%emt 0:01:59]} Qa7 {[%emt 0:00:24]} 30. Be3 {[%emt 0:03:01]} Bc5 {[%emt 0:00:43]} 31. Nf5 {[%emt 0:03:18]} Nxf2 {[%emt 0:01:37]} 32. Bxf2 {[%emt 0:00:58]} Bxf2+ {[%emt 0:00:02]} 33. Kh1 {[%emt 0:02:30]} Bc5 {[%emt 0:04:05]} 34. Nh6+ {[%emt 0:00:40]} Kg7 {[%emt 0:00:09]} 35. Nf5+ {[%emt 0:00:17]} Kh8 {[%emt 0:00:12]} 36. Nh6 {[%emt 0:00:12]} Bf8 {[%emt 0:00:21]} 37. Qg5 {[%emt 0:05:27]} Bxh6 {[%emt 0:00:41]} 38. Qxh6 {[%emt 0:00:25]} Qf2 {[%emt 0:00:03]} 39. Qg5 {[%emt 0:01:01]} Qf4 {[%emt 0:00:24]} 40. Qxf4 {[%emt 0:01:42]} exf4 {[%emt 0:00:01]} 41. Rd4 {[%emt 0:03:05]} Re1+ {[%emt 0:00:07]} 42. Kh2 {[%emt 0:00:13]} Re2 {[%emt 0:00:01]} 43. Rd3 {[%emt 0:00:54]} Rxg2+ {[%emt 0:00:02]} 44. Kh1 {[%emt 0:00:17]} Rd2+ {[%emt 0:00:13]} 45. Kg1 {[%emt 0:00:11]} Rxd3 {[%emt 0:00:02]} 46. cxd3 {[%emt 0:00:05]} Kg7 {[%emt 0:00:05]} 47. Kf2 {[%emt 0:00:27]} Kf6 {[%emt 0:00:01]} 48. b4 {[%emt 0:00:39]} Ke5 {[%emt 0:00:01]} 49. h4 {[%emt 0:00:40]} Kd4 {[%emt 0:00:02]} 50. Ke2 {[%emt 0:00:26]} f3+ {[%emt 0:00:01]} 51. Kf2 {[%emt 0:00:33]} Kxd3 {[%emt 0:00:02]} 52. Kf1 {[%emt 0:00:36]} Ke3 {[%emt 0:00:01]} 53. a4 {[%emt 0:00:22]} h6 {[%emt 0:00:09]} 54. axb5 {[%emt 0:00:10]} Bxb5+ {[%emt 0:00:01]} 55. Ke1 {[%emt 0:01:13]} Be2 {[%emt 0:00:04]} 56. b5 {[%emt 0:00:15]} f2# {[%emt 0:00:01]} 0-1

[Event "2nd Kalyan Dombivali 2019"]
[Site "Kalyan"]
[Date "2019.01.29"]
[Round "1.10"]
[White "Ahmed, Feroz"]
[Black "Dandawate, Abhishek"]
[Result "1-0"]
[WhiteElo "1919"]
[BlackElo "1108"]
[Annotator "NA RC"]
[PlyCount "125"]
[EventDate "2019.01.28"]
[EventType "swiss"]
[EventRounds "10"]
[EventCountry "IND"]
[SourceTitle "playchess.com"]
[Source "ChessBase"]
[SourceQuality "1"]
[TimeControl "5400+30"]

1. c4 {[%emt 0:00:00]} c5 {[%emt 0:00:00]} 2. Nf3 {[%emt 0:00:00]} Nf6 {[%emt 0:00:00]} 3. d4 {[%emt 0:00:00]} cxd4 {[%emt 0:00:43]} 4. Nxd4 {[%emt 0:00:40]} g6 {[%emt 0:01:24]} 5. Nc3 {[%emt 0:02:32]} Bg7 {[%emt 0:01:16]} 6. e4 {[%emt 0:05:03]} d6 {[%emt 0:00:45]} 7. Be2 {[%emt 0:00:40]} Nc6 {[%emt 0:01:33]} 8. Nc2 {[%emt 0:05:53]} O-O {[%emt 0:04:18]} 9. O-O {[%emt 0:01:08]} Be6 {[%emt 0:03:02]} 10. Rb1 {[%emt 0:12:47]} Rc8 {[%emt 0:16:19]} 11. b3 {[%emt 0:02:12]} a6 {[%emt 0:08:01]} 12. Bb2 {[%emt 0:02:08]} Qc7 {[%emt 0:07:53]} 13. Kh1 {[%emt 0:06:06]} Na7 {[%emt 0:03:45]} 14. Nd4 {[%emt 0:05:21]} Bd7 {[%emt 0:03:23]} 15. a4 {[%emt 0:07:41]} Nc6 {[%emt 0:00:53]} 16. Nc2 {[%emt 0:02:16]} Na5 {[%emt 0:09:02]} 17. Ne3 {[%emt 0:01:15]} Be6 {[%emt 0:06:31]} 18. f4 {[%emt 0:05:41]} Qb6 {[%emt 0:01:46]} 19. Bc1 {[%emt 0:00:43]} Nc6 {[%emt 0:14:33]} 20. f5 {[%emt 0:05:37]} Bd7 {[%emt 0:00:28]} 21. Ned5 {[%emt 0:01:24]} Nxd5 {[%emt 0:02:53]} 22. Nxd5 {[%emt 0:00:03]} Qd4 {[%emt 0:01:52]} 23. Qc2 {[%emt 0:02:24]} e6 {[%emt 0:01:30]} 24. Bb2 {[%emt 0:04:09]} Qc5 {[%emt 0:01:25]} 25. Nf6+ {[%emt 0:07:17]} Bxf6 {[%emt 0:00:52]} 26. Bxf6 {[%emt 0:00:06]} Qe3 {[%emt 0:03:10]} 27. Rf3 {[%emt 0:00:27]} Nd4 {[%emt 0:00:38]} 28. Rxe3 {[%emt 0:01:36]} Nxc2 {[%emt 0:00:17]} 29. Rc3 {[%emt 0:00:07]} Nb4 {[%emt 0:00:21]} 30. Be7 {[%emt 0:01:28]} Rfe8 {[%emt 0:00:39]} 31. Bxd6 {[%emt 0:00:02]} Nc6 {[%emt 0:00:29]} 32. fxg6 {[%emt 0:00:18]} fxg6 {[%emt 0:00:44]} 33. Bg4 {[%emt 0:03:08]} Rcd8 {[%emt 0:00:52]} 34. h4 {[%emt 0:05:02]} Bc8 {[%emt 0:00:31]} 35. e5 {[%emt 0:00:31]} Nd4 {[%emt 0:01:06]} 36. h5 {[%emt 0:00:15]} Nf5 {[%emt 0:00:29]} 37. hxg6 {[%emt 0:00:03]} hxg6 {[%emt 0:00:19]} 38. c5 {[%emt 0:01:29]} Rd7 {[%emt 0:00:28]} 39. b4 {[%emt 0:01:05]} Rh7+ {[%emt 0:00:14]} 40. Kg1 {[%emt 0:00:01]} Rh4 {[%emt 0:00:15]} 41. Bf3 {[%emt 0:02:53]} Nd4 {[%emt 0:00:48]} 42. Bd1 {[%emt 0:02:06]} Kf7 {[%emt 0:01:18]} 43. b5 {[%emt 0:01:08]} axb5 {[%emt 0:01:03]} 44. axb5 {[%emt 0:00:02]} Bd7 {[%emt 0:00:36]} 45. c6 {[%emt 0:00:23]} bxc6 {[%emt 0:00:46]} 46. b6 {[%emt 0:00:01]} Bc8 {[%emt 0:00:28]} 47. b7 {[%emt 0:00:02]} Bxb7 {[%emt 0:00:32]} 48. Rxb7+ {[%emt 0:00:03]} Kg8 {[%emt 0:00:13]} 49. Rg3 {[%emt 0:00:54]} Re4 {[%emt 0:00:33]} 50. Rxg6+ {[%emt 0:00:09]} Kh8 {[%emt 0:00:06]} 51. Rh6+ {[%emt 0:02:51]} Kg8 {[%emt 0:00:54]} 52. Kf2 {[%emt 0:03:19]} c5 {[%emt 0:01:10]} 53. Bxc5 {[%emt 0:00:36]} Nf5 {[%emt 0:00:51]} 54. Rhh7 {[%emt 0:00:54]} Rd8 {[%emt 0:00:39]} 55. Bf3 {[%emt 0:01:33]} Rd2+ {[%emt 0:00:29]} 56. Kg1 {[%emt 0:00:02]} Re1+ {[%emt 0:00:47]} 57. Kh2 {[%emt 0:00:01]} Rd8 {[%emt 0:01:09]} 58. Bg4 {[%emt 0:00:39]} Rh1+ {[%emt 0:00:53]} 59. Kxh1 {[%emt 0:00:18]} Ng3+ {[%emt 0:00:23]} 60. Kh2 {[%emt 0:00:26]} Nf1+ {[%emt 0:00:30]} 61. Kg1 {[%emt 0:00:02]} Rd7 {[%emt 0:00:17]} 62. Rbxd7 {[%emt 0:00:16]} Ng3 {[%emt 0:00:05]} 63. Rdg7# {[%emt 0:00:15]} 1-0

[Event "2nd Kalyan Dombivali 2019"]
[Site "Kalyan"]
[Date "2019.01.29"]
[Round "1.11"]
[White "Viraj, Gogte"]
[Black "Vijay, Anand M."]
[Result "0-1"]
[WhiteElo "1105"]
[BlackElo "1841"]
[Annotator "NA RC"]
[PlyCount "112"]
[EventDate "2019.01.28"]
[EventType "swiss"]
[EventRounds "10"]
[EventCountry "IND"]
[SourceTitle "playchess.com"]
[Source "ChessBase"]
[SourceQuality "1"]
[TimeControl "5400+30"]

1. Nf3 {[%emt 0:00:00]} Nf6 {[%emt 0:00:00]} 2. d4 {[%emt 0:00:00]} e6 {[%emt 0:00:00]} 3. c4 {[%emt 0:00:10]} Bb4+ {[%emt 0:00:00]} 4. Bd2 {[%emt 0:01:06]} Bxd2+ {[%emt 0:01:44]} 5. Qxd2 {[%emt 0:00:04]} b6 {[%emt 0:00:08]} 6. Nc3 {[%emt 0:01:54]} Bb7 {[%emt 0:00:06]} 7. e3 {[%emt 0:02:54]} O-O {[%emt 0:00:16]} 8. Be2 {[%emt 0:01:20]} d6 {[%emt 0:01:10]} 9. O-O {[%emt 0:00:55]} Nbd7 {[%emt 0:00:25]} 10. h3 {[%emt 0:03:53]} Qe7 {[%emt 0:00:49]} 11. Rfe1 {[%emt 0:02:19]} Ne4 {[%emt 0:01:37]} 12. Nxe4 {[%emt 0:02:36]} Bxe4 {[%emt 0:00:06]} 13. Qd1 {[%emt 0:05:18]} f5 {[%emt 0:02:11]} 14. g3 {[%emt 0:12:01]} e5 {[%emt 0:03:08]} 15. Nd2 {[%emt 0:10:50]} Bb7 {[%emt 0:00:17]} 16. Bf3 {[%emt 0:04:10]} Bxf3 {[%emt 0:00:26]} 17. Nxf3 {[%emt 0:00:16]} e4 {[%emt 0:00:55]} 18. Nd2 {[%emt 0:01:54]} Qf7 {[%emt 0:00:53]} 19. Rc1 {[%emt 0:05:15]} c5 {[%emt 0:00:18]} 20. Kg2 {[%emt 0:06:47]} Rae8 {[%emt 0:00:16]} 21. f3 {[%emt 0:02:12]} cxd4 {[%emt 0:01:00]} 22. exd4 {[%emt 0:00:52]} e3 {[%emt 0:01:01]} 23. Nf1 {[%emt 0:02:42]} f4 {[%emt 0:00:54]} 24. gxf4 {[%emt 0:11:17]} Qxf4 {[%emt 0:00:08]} 25. Rc3 {[%emt 0:01:33]} e2 {[%emt 0:01:55]} 26. Rxe2 {[%emt 0:02:07]} Rxe2+ {[%emt 0:00:13]} 27. Qxe2 {[%emt 0:00:18]} Qxd4 {[%emt 0:00:07]} 28. Qe3 {[%emt 0:05:14]} Qf6 {[%emt 0:01:09]} 29. Ng3 {[%emt 0:01:49]} Ne5 {[%emt 0:00:09]} 30. Qd4 {[%emt 0:03:27]} Qg6 {[%emt 0:07:56]} 31. Qe4 {[%emt 0:02:25]} Qh6 {[%emt 0:00:53]} 32. Qd5+ {[%emt 0:06:22]} Kh8 {[%emt 0:00:19]} 33. Qd1 {[%emt 0:01:15]} Ng6 {[%emt 0:00:15]} 34. Qf1 {[%emt 0:01:14]} Qg5 {[%emt 0:03:48]} 35. Kh2 {[%emt 0:00:28]} Qf4 {[%emt 0:00:18]} 36. Kg2 {[%emt 0:00:29]} Nh4+ {[%emt 0:00:11]} 37. Kh2 {[%emt 0:00:33]} Nf5 {[%emt 0:00:08]} 38. Qf2 {[%emt 0:00:22]} h5 {[%emt 0:00:26]} 39. Kg2 {[%emt 0:00:29]} Nh4+ {[%emt 0:00:29]} 40. Kh1 {[%emt 0:00:30]} g6 {[%emt 0:02:47]} 41. Ne2 {[%emt 0:00:34]} Qf6 {[%emt 0:00:54]} 42. Qd4 {[%emt 0:00:31]} Kg7 {[%emt 0:02:13]} 43. Qxf6+ {[%emt 0:00:13]} Rxf6 {[%emt 0:00:12]} 44. Ng1 {[%emt 0:00:17]} Kf7 {[%emt 0:00:14]} 45. Kh2 {[%emt 0:00:29]} g5 {[%emt 0:00:24]} 46. Kg3 {[%emt 0:00:36]} Nf5+ {[%emt 0:00:29]} 47. Kf2 {[%emt 0:00:32]} Nd4 {[%emt 0:00:48]} 48. Ne2 {[%emt 0:00:35]} Nxe2 {[%emt 0:01:36]} 49. Kxe2 {[%emt 0:00:17]} Rf4 {[%emt 0:00:03]} 50. b3 {[%emt 0:00:56]} Rh4 {[%emt 0:00:07]} 51. Rd3 {[%emt 0:00:38]} Rxh3 {[%emt 0:00:11]} 52. Rxd6 {[%emt 0:00:29]} Rh2+ {[%emt 0:00:05]} 53. Ke3 {[%emt 0:00:28]} Rxa2 {[%emt 0:00:02]} 54. Rd5 {[%emt 0:00:33]} Kf6 {[%emt 0:00:12]} 55. Rd6+ {[%emt 0:00:10]} Ke7 {[%emt 0:01:36]} 56. Rg6 {[%emt 0:00:45]} Ra5 {[%emt 0:01:15]} 0-1

[Event "2nd Kalyan Dombivali 2019"]
[Site "Kalyan"]
[Date "2019.01.29"]
[Round "1.12"]
[White "Sparsh, Khandelwal"]
[Black "Anirudh, Satish"]
[Result "1-0"]
[WhiteElo "1823"]
[BlackElo "1100"]
[Annotator "NA RC"]
[PlyCount "41"]
[EventDate "2019.01.28"]
[EventType "swiss"]
[EventRounds "10"]
[EventCountry "IND"]
[SourceTitle "playchess.com"]
[Source "ChessBase"]
[SourceQuality "1"]
[TimeControl "5400+30"]

1. e4 {[%emt 0:00:00]} e5 {[%emt 0:00:00]} 2. Bc4 {[%emt 0:00:00]} Nc6 {[%emt 0:00:00]} 3. Nc3 {[%emt 0:00:00]} Bc5 {[%emt 0:00:00]} 4. d3 {[%emt 0:00:29]} Nf6 {[%emt 0:00:05]} 5. h3 {[%emt 0:00:08]} d6 {[%emt 0:01:13]} 6. Nge2 {[%emt 0:00:41]} Be6 {[%emt 0:00:07]} 7. O-O {[%emt 0:00:49]} Qe7 {[%emt 0:00:13]} 8. a3 {[%emt 0:00:47]} Bxc4 {[%emt 0:00:57]} 9. dxc4 {[%emt 0:00:05]} O-O {[%emt 0:00:38]} 10. Ng3 {[%emt 0:00:22]} Qe6 {[%emt 0:00:38]} 11. Nd5 Bb6 {[%emt 0:00:54]} 12. Bg5 {[%emt 0:01:14]} Nd7 {[%emt 0:00:51]} 13. Nf5 {[%emt 0:02:04]} f6 {[%emt 0:00:44]} 14. Bh6 {[%emt 0:00:55]} Rf7 {[%emt 0:00:53]} 15. Qg4 {[%emt 0:01:21]} Nd4 {[%emt 0:02:37]} 16. Bxg7 {[%emt 0:00:58]} Nxf5 {[%emt 0:00:28]} 17. exf5 {[%emt 0:00:13]} Qe8 {[%emt 0:00:14]} 18. Bxf6+ {[%emt 0:00:51]} Kf8 {[%emt 0:00:30]} 19. Qg5 {[%emt 0:01:54]} Nxf6 {[%emt 0:01:14]} 20. Nxf6 {[%emt 0:00:09]} Qe7 {[%emt 0:01:40]} 21. Qg8# {[%emt 0:00:05]} 1-0

[Event "2nd Kalyan Dombivali 2019"]
[Site "Kalyan"]
[Date "2019.01.29"]
[Round "1.13"]
[White "Kakaria, Harsh"]
[Black "Nehete, Akshay S"]
[Result "0-1"]
[WhiteElo "1098"]
[BlackElo "1788"]
[Annotator "NA RC"]
[PlyCount "108"]
[EventDate "2019.01.28"]
[EventType "swiss"]
[EventRounds "10"]
[EventCountry "IND"]
[SourceTitle "playchess.com"]
[Source "ChessBase"]
[SourceQuality "1"]
[TimeControl "5400+30"]

1. e4 {[%emt 0:00:00]} e6 {[%emt 0:00:00]} 2. d4 {[%emt 0:00:00]} d5 {[%emt 0:00:00]} 3. exd5 {[%emt 0:00:00]} exd5 {[%emt 0:00:00]} 4. Nf3 {[%emt 0:00:00]} c5 {[%emt 0:04:41]} 5. c3 {[%emt 0:02:11]} Nc6 {[%emt 0:14:21]} 6. Be3 {[%emt 0:00:45]} cxd4 {[%emt 0:05:04]} 7. Nxd4 {[%emt 0:03:47]} Nf6 {[%emt 0:02:19]} 8. Bb5 {[%emt 0:10:18]} Bd7 {[%emt 0:07:21]} 9. Qa4 {[%emt 0:00:18]} Qc7 {[%emt 0:07:53]} 10. O-O {[%emt 0:00:21]} Bd6 {[%emt 0:00:12]} 11. Re1 {[%emt 0:02:44]} O-O {[%emt 0:01:17]} 12. Nf3 {[%emt 0:00:35]} Bg4 {[%emt 0:05:13]} 13. Nbd2 {[%emt 0:02:38]} Ne5 {[%emt 0:04:39]} 14. Nxe5 {[%emt 0:00:54]} Bxe5 {[%emt 0:00:02]} 15. g3 {[%emt 0:00:20]} a6 {[%emt 0:03:43]} 16. Bf1 {[%emt 0:00:42]} Bd7 {[%emt 0:00:10]} 17. Qc2 {[%emt 0:03:57]} Ng4 {[%emt 0:03:34]} 18. Bd3 {[%emt 0:01:20]} Nxe3 {[%emt 0:02:16]} 19. Bxh7+ {[%emt 0:00:39]} Kh8 {[%emt 0:00:23]} 20. Rxe3 {[%emt 0:00:52]} g6 {[%emt 0:10:40]} 21. Bxg6 {[%emt 0:00:08]} fxg6 {[%emt 0:00:05]} 22. Qxg6 {[%emt 0:00:08]} Bf5 {[%emt 0:03:37]} 23. Qh6+ {[%emt 0:01:01]} Bh7 {[%emt 0:02:21]} 24. Nf3 {[%emt 0:01:04]} Bg7 {[%emt 0:04:27]} 25. Qg5 {[%emt 0:00:39]} Rf5 {[%emt 0:01:25]} 26. Qh4 {[%emt 0:01:12]} Bf6 {[%emt 0:01:22]} 27. Qh6 {[%emt 0:00:55]} Qf7 {[%emt 0:00:37]} 28. Qh3 {[%emt 0:04:18]} Bg7 {[%emt 0:03:55]} 29. g4 {[%emt 0:00:47]} Rf4 {[%emt 0:02:06]} 30. Ng5 {[%emt 0:00:59]} Qg6 {[%emt 0:00:47]} 31. Nxh7 {[%emt 0:04:31]} Qxh7 {[%emt 0:00:05]} 32. Qg2 {[%emt 0:00:16]} Bh6 {[%emt 0:03:36]} 33. Rae1 {[%emt 0:01:12]} Rxg4 {[%emt 0:02:59]} 34. Rg3 {[%emt 0:03:35]} Rxg3 {[%emt 0:00:17]} 35. fxg3 {[%emt 0:00:29]} Rd8 {[%emt 0:00:38]} 36. Qf2 {[%emt 0:01:02]} Qg7 {[%emt 0:00:47]} 37. Re6 {[%emt 0:00:46]} Bg5 {[%emt 0:01:31]} 38. Qb6 {[%emt 0:00:24]} d4 {[%emt 0:01:03]} 39. Rg6 {[%emt 0:01:14]} Be3+ {[%emt 0:00:36]} 40. Kg2 {[%emt 0:00:24]} Qe7 {[%emt 0:00:41]} 41. Re6 {[%emt 0:02:06]} Qd7 {[%emt 0:00:26]} 42. Rh6+ {[%emt 0:01:18]} Bxh6 {[%emt 0:00:13]} 43. Qxh6+ {[%emt 0:00:12]} Kg8 {[%emt 0:00:05]} 44. Qg6+ {[%emt 0:00:11]} Qg7 45. Qe6+ {[%emt 0:00:09]} Qf7 {[%emt 0:00:49]} 46. Qe5 {[%emt 0:01:17]} Qd5+ {[%emt 0:00:08]} 47. Qxd5+ {[%emt 0:00:14]} Rxd5 {[%emt 0:00:05]} 48. h4 {[%emt 0:00:05]} d3 {[%emt 0:00:04]} 49. Kf2 {[%emt 0:00:09]} Re5 {[%emt 0:00:07]} 50. g4 {[%emt 0:00:33]} d2 {[%emt 0:00:04]} 51. h5 {[%emt 0:00:08]} d1=Q {[%emt 0:00:08]} 52. Kg3 {[%emt 0:00:27]} Qe1+ {[%emt 0:00:05]} 53. Kg2 {[%emt 0:00:10]} Re2+ {[%emt 0:00:05]} 54. Kf3 {[%emt 0:00:09]} Qf2# {[%emt 0:00:05]} 0-1

[Event "2nd Kalyan Dombivali 2019"]
[Site "Kalyan"]
[Date "2019.01.29"]
[Round "1.14"]
[White "Subramanian, R M"]
[Black "Kharde, Sargam"]
[Result "1-0"]
[WhiteElo "1780"]
[BlackElo "1095"]
[Annotator "NA RC"]
[PlyCount "35"]
[EventDate "2019.01.28"]
[EventType "swiss"]
[EventRounds "10"]
[EventCountry "IND"]
[SourceTitle "playchess.com"]
[Source "ChessBase"]
[SourceQuality "1"]
[TimeControl "5400+30"]

1. e4 {[%emt 0:00:00]} c6 {[%emt 0:00:00]} 2. d4 {[%emt 0:00:01]} d5 {[%emt 0:00:00]} 3. f3 {[%emt 0:00:29]} dxe4 {[%emt 0:01:24]} 4. fxe4 {[%emt 0:00:55]} Nf6 {[%emt 0:00:40]} 5. Nc3 {[%emt 0:04:13]} e6 {[%emt 0:02:37]} 6. Bg5 {[%emt 0:02:32]} Be7 {[%emt 0:00:32]} 7. Nf3 {[%emt 0:01:06]} h6 {[%emt 0:01:30]} 8. Be3 {[%emt 0:09:32]} Bb4 {[%emt 0:00:46]} 9. Bd3 {[%emt 0:01:24]} Nbd7 {[%emt 0:04:04]} 10. O-O {[%emt 0:01:49]} Qc7 {[%emt 0:02:59]} 11. Nd2 {[%emt 0:05:00]} c5 {[%emt 0:01:32]} 12. Nb5 {[%emt 0:02:32]} Qc6 {[%emt 0:03:55]} 13. c3 {[%emt 0:01:30]} Ba5 {[%emt 0:01:20]} 14. e5 {[%emt 0:02:19]} Nd5 {[%emt 0:01:10]} 15. Nd6+ {[%emt 0:00:20]} Ke7 {[%emt 0:02:28]} 16. Rxf7+ {[%emt 0:00:32]} Kd8 {[%emt 0:00:15]} 17. Qf3 {[%emt 0:02:17]} Bc7 {[%emt 0:05:42]} 18. Bb5 {[%emt 0:00:53]} 1-0

[Event "2nd Kalyan Dombivali 2019"]
[Site "Kalyan"]
[Date "2019.01.29"]
[Round "1.15"]
[White "Redkar, Yash"]
[Black "Kelaskar, Chinmay"]
[Result "1/2-1/2"]
[WhiteElo "1094"]
[BlackElo "1764"]
[Annotator "NA RC"]
[PlyCount "104"]
[EventDate "2019.01.28"]
[EventType "swiss"]
[EventRounds "10"]
[EventCountry "IND"]
[SourceTitle "playchess.com"]
[Source "ChessBase"]
[SourceQuality "1"]
[TimeControl "5400+30"]

1. Nf3 {[%emt 0:00:00]} Nf6 {[%emt 0:00:01]} 2. g3 {[%emt 0:00:03]} g6 {[%emt 0:00:10]} 3. Bg2 {[%emt 0:00:10]} Bg7 {[%emt 0:00:09]} 4. O-O {[%emt 0:00:45]} O-O {[%emt 0:00:26]} 5. d3 {[%emt 0:01:33]} d5 {[%emt 0:00:24]} 6. Nbd2 {[%emt 0:01:10]} c5 {[%emt 0:00:29]} 7. e4 {[%emt 0:03:01]} Nc6 {[%emt 0:01:22]} 8. c3 {[%emt 0:14:16]} e5 {[%emt 0:01:59]} 9. Re1 {[%emt 0:01:48]} d4 10. Nb3 {[%emt 0:03:42]} dxc3 {[%emt 0:06:10]} 11. bxc3 {[%emt 0:01:04]} c4 {[%emt 0:01:56]} 12. dxc4 {[%emt 0:02:55]} Qxd1 {[%emt 0:00:32]} 13. Rxd1 {[%emt 0:00:15]} Nxe4 {[%emt 0:00:03]} 14. Bd2 {[%emt 0:01:47]} Bg4 {[%emt 0:02:59]} 15. Re1 {[%emt 0:01:42]} f5 {[%emt 0:06:09]} 16. Rac1 {[%emt 0:10:43]} Rad8 {[%emt 0:02:47]} 17. Be3 {[%emt 0:03:56]} f4 {[%emt 0:03:56]} 18. gxf4 {[%emt 0:04:56]} exf4 {[%emt 0:00:08]} 19. Bd4 {[%emt 0:00:59]} Nxd4 {[%emt 0:14:13]} 20. Nfxd4 {[%emt 0:01:48]} Nxc3 {[%emt 0:12:54]} 21. Rxc3 {[%emt 0:08:41]} Bxd4 {[%emt 0:00:20]} 22. Nxd4 {[%emt 0:00:55]} Rxd4 {[%emt 0:00:03]} 23. Bxb7 {[%emt 0:00:56]} f3 {[%emt 0:03:42]} 24. Bd5+ {[%emt 0:01:36]} Kg7 {[%emt 0:01:15]} 25. Ra3 {[%emt 0:02:47]} Kh6 {[%emt 0:03:10]} 26. Rae3 {[%emt 0:04:52]} Rd2 {[%emt 0:03:30]} 27. a3 {[%emt 0:02:21]} Rf5 {[%emt 0:03:51]} 28. Be6 {[%emt 0:04:58]} Rg5 {[%emt 0:00:13]} 29. Bxg4 {[%emt 0:00:04]} Rxg4+ {[%emt 0:00:13]} 30. Kf1 {[%emt 0:00:23]} Rf4 {[%emt 0:00:12]} 31. Rc1 {[%emt 0:02:02]} g5 {[%emt 0:01:44]} 32. c5 {[%emt 0:02:19]} g4 {[%emt 0:00:07]} 33. c6 {[%emt 0:00:24]} Rf8 {[%emt 0:00:07]} 34. c7 {[%emt 0:00:40]} Rc8 {[%emt 0:00:03]} 35. Ke1 {[%emt 0:01:44]} Rd7 {[%emt 0:00:14]} 36. Rec3 {[%emt 0:00:43]} Kg5 {[%emt 0:00:13]} 37. Rc5+ {[%emt 0:01:47]} Kh4 {[%emt 0:00:18]} 38. Kf1 {[%emt 0:01:23]} h5 {[%emt 0:00:19]} 39. a4 {[%emt 0:00:52]} Rh7 {[%emt 0:00:41]} 40. a5 {[%emt 0:01:11]} Kh3 {[%emt 0:00:09]} 41. Kg1 {[%emt 0:00:13]} h4 {[%emt 0:00:12]} 42. R5c3 {[%emt 0:00:23]} Rf7 {[%emt 0:00:13]} 43. a6 {[%emt 0:02:42]} g3 {[%emt 0:00:17]} 44. hxg3 {[%emt 0:00:27]} hxg3 {[%emt 0:00:07]} 45. fxg3 {[%emt 0:00:15]} Kxg3 {[%emt 0:00:15]} 46. Kf1 {[%emt 0:00:03]} Rh7 {[%emt 0:00:33]} 47. Ke1 {[%emt 0:02:05]} Re7+ {[%emt 0:01:26]} 48. Kf1 {[%emt 0:00:50]} Rh8 {[%emt 0:01:42]} 49. Kg1 {[%emt 0:00:31]} Rc8 {[%emt 0:05:31]} 50. Kf1 {[%emt 0:00:34]} Rh7 {[%emt 0:00:41]} 51. Kg1 {[%emt 0:00:37]} Rg8 {[%emt 0:02:35]} 52. c8=Q {[%emt 0:01:44]} Rg5 {[%emt 0:05:12]} 1/2-1/2